Statistics for European Capital Cities from Japanese to English

Click here to take the quiz!

General Stats

  • This quiz has been taken 180 times
  • The average score is 30 of 41

Answer Stats

JapaneseEnglish% Correct
アムステルダム
Amusuterudamu
Amsterdam
94%
コペンハーゲン
Kopenhāgen
Copenhagen
91%
パリ
Pari
Paris
91%
サラエヴォ
Saraevo
Sarajevo
87%
アテネ
Atene
Athens
86%
ブダペスト
Budapesuto
Budapest
86%
ヘルシンキ
Herushinki
Helsinki
86%
モナコ
Monako
Monaco
86%
ザグレブ
Zagurebu
Zagreb
86%
ベルリン
Berurin
Berlin
85%
ダブリン
Daburin
Dublin
85%
オスロ
Osuro
Oslo
84%
ロンドン
Rondon
London
83%
ローマ
Rōma
Rome
83%
リスボン
Risubon
Lisbon
82%
マドリード
Madorīdo
Madrid
82%
キエフ
Kiefu
Kiev
81%
ストックホルム
Sutokkuhorumu
Stockholm
81%
モスクワ
Mosukuwa
Moscow
80%
スコピエ
Sukopie
Skopje
80%
ブカレスト
Bukaresuto
Bucharest
78%
ミンスク
Minsuku
Minsk
78%
タリン
Tarin
Tallinn
75%
ウィーン
Wīn
Vienna
75%
ワスシャワ
Warushawa
Warsaw
75%
レイキャヴィーク
Reikyavīku
Reykjavik
73%
アンドラ・ラ・ベリャ
Andora re Berya
Andorra la Vella
71%
キシナウ
Kishinau
Chisinau
70%
ベオグラード
Beogurādo
Belgrade
69%
プラハ
Puraha
Prague
69%
ヴィリニュス
Virinyusu
Vilnius
65%
プリシュティナ
Purishutina
Pristina
64%
バレッタ
Baretta
Valletta
62%
ベルン
Berun
Bern
59%
ブリュッセル
Buryusseru
Brussels
58%
ポドゴリツァ
Podogoritsa
Podgorica
58%
リュブリャナ
Ryuburyana
Ljubljana
57%
ルクセンブルク
Rukusenburuku
Luxembourg
52%
ブラチスラバ
Burachisuraba
Bratislava
49%
バチカン
Bachikan
Vatican City
45%
ファデゥーツ
Fadūtsu
Vaduz
41%

Score Distribution

Percentile by Number Answered

Percent of People with Each Score

Your Score History

You have not taken this quiz